Statistiques concernant Culture Générale - Série 1177

Cliquez ici pour prendre le quiz!

Statistiques générales

  • Ce quiz a été pris 62 fois
  • Le résultat moyen est 6 sur 10

Statistiques - réponses

QuestionRéponse% Correct
Selon la croyance populaire la plus répandue, sur quoi les sorcières volent-elles ?balai
100%
De quel pays New Delhi est-elle la capitale fédérale ?Inde
98%
En 1963, quel objet Claude François rêvait-il de posséder, pour construire une ferme et y mettre ses frères et ses soeurs ?marteau
83%
Quel adjectif qualifie un lapin atteint d'albinisme ?albinos
80%
Quelle comédienne, prénommée Mathilde, tient le rôle principal, aux côtés d'Alain Chabat dans le film : "Trésor" ?Mathilde Seigner
78%
Que signifie l'expression populaire : "portnawak" ?n'importe quoi
69%
En 2002, quelle chanson écrite et composée par Mickaël Furnon permit à Indochine de renouer avec le succès ?J’ai demandé à la Lune
53%
Quelle femme de lettres se cache sous le pseudonyme d'Ellis Bell, qui publia en 1847 le roman “Les Hauts de Hurlevent” ?Emily Brontë
44%
Quel chef apache est le héros pacifique du western "La Flèche brisée", en 1950 ?Cochise
20%
D'après le titre d'une tragédie de Racine, quelle jeune fille doit être offerte en sacrifice à Artémis, en Aulide ?Iphigénie
19%

Distribution des résultats

Percentile par nombre de réponses

% des personnes avec chaque résultat

Votre développement - résultats

Vous n’avez pas pris ce quiz